| 000 | 01144nam a2200289 a 4500 | ||
|---|---|---|---|
| 003 | CHAP | ||
| 005 | 20220329143636.0 | ||
| 008 | 101111s2006 mx 00010 spa d | ||
| 010 | _a99754 | ||
| 011 | _a100726 | ||
| 035 | _a111412 | ||
| 040 | _cCHAP | ||
| 090 | _aCD-175 | ||
| 110 | 0 |
_aPrograma Universitario de Investigación y Servicio en Diagnostíco para la Rehabilitación del Suelo y Nutrición Vegetal _992365 |
|
| 245 | 1 |
_aDiagnostíco para la rehabilitación del suelo y nutrición vegetal [Disco compacto] _c/por Programa Universitario de Investigación y Servicio en Diagnostíco para la Rehabilitación del Suelo y Nutrición Vegetal |
|
| 260 |
_aChapingo, Méx. : _bUACH, _c2006 |
||
| 300 |
_a1 disco compacto ; _c4 3/4 plgs. |
||
| 590 |
_aBATCH-UPD _b10 _c20130110 _lUCH01 _h1844 |
||
| 590 |
_aBATCH-UPD _b10 _c20130410 _lUCH01 _h1215 |
||
| 590 |
_aBATCH-UPD _b10 _c20130914 _lUCH01 _h1919 |
||
| 590 |
_aCONVERSION _b10 _c20130109 _lUCH01 _h1355 |
||
| 650 | 0 | 4 |
_aPlantas _xNutrición. _988874 |
| 650 | 0 | 4 |
_aSuelos _xRecuperación de. _9110473 |
| 901 | _aBK | ||
| 942 | _cCD | ||
| 949 |
_aCD-175 _bBC _cCD _d33724002220850 _eCD _i111412 _sb |
||
| 999 |
_c99754 _d99754 |
||